[Event "Campos Migjorn op"]
[Site "Campos"]
[Date "2016.09.17"]
[Round "4"]
[White "Llado Jaume, Jaume"]
[Black "Ferrer Mygina, Juan"]
[Result "1/2-1/2"]
[WhiteElo "1632"]
[BlackElo "1582"]
[PlyCount "84"]
[EventDate "2016.09.09"]
[EventType "swiss"]
[EventRounds "8"]
[EventCountry "ESP"]
[SourceTitle "EXT 2017"]
[Source "ChessBase"]
[SourceDate "2016.10.25"]
[SourceVersion "1"]
[SourceVersionDate "2016.10.25"]
[SourceQuality "1"]

1. d4 Nf6 2. c4 c5 3. Nf3 e6 4. Bg5 cxd4 5. Nxd4 Qa5+ 6. Bd2 Qb6 7. Nb3 Ne4 8. e3 Nxd2 9. N1xd2 Bb4 10. Be2 Nc6 11. 0-0 0-0 12. Qc2 Be7 13. Rfd1 Qc7 14. Nf3 b6 15. Nbd4 Nxd4 16. Nxd4 a6 17. Rac1 Bb7 18. Bf3 Bxf3 19. Nxf3 Rac8 20. Rd2 b5 21. cxb5 Qb7 22. Qd1 Qxb5 23. h3 Rxc1 24. Qxc1 Qb7 25. Rc2 Bf6 26. Rc7 Qxb2 27. Qxb2 Bxb2 28. Rxd7 a5 29. Rb7 Bc3 30. Ng5 h6 31. Ne4 Bb4 32. Rc7 Rd8 33. Rc2 f5 34. Ng3 Rd1+ 35. Nf1 Rd7 36. g3 Kf7 37. Nh2 Rd2 38. Rxd2 Bxd2 39. Nf3 Bb4 40. Kf1 Ke7 41. Ke2 Kd6 42. h4 Kd5 1/2-1/2

[Event "Mallorca-chC"]
[Site "Palma de Mallorca"]
[Date "2011.11.06"]
[Round "3"]
[White "Llado Jaume, Jaume"]
[Black "Marques Maroto, Jaime"]
[Result "1-0"]
[WhiteElo "1707"]
[BlackElo "1750"]
[PlyCount "107"]
[EventDate "2011.10.29"]
[EventType "swiss"]
[EventRounds "8"]
[EventCountry "ESP"]
[SourceTitle "EXT 2017"]
[Source "ChessBase"]
[SourceDate "2016.10.25"]
[SourceVersion "1"]
[SourceVersionDate "2016.10.25"]
[SourceQuality "1"]

1. d4 d5 2. c4 Nc6 3. Nf3 Bg4 4. e3 e5 5. dxe5 dxc4 6. Qa4 Qd7 7. Nbd2 Bxf3 8. Nxf3 Bb4+ 9. Bd2 Bxd2+ 10. Nxd2 Nxe5 11. Qxd7+ Nxd7 12. Bxc4 Ngf6 13. 0-0-0 0-0 14. f3 Ne5 15. Rhe1 Rad8 16. Kc2 Rd6 17. f4 Neg4 18. Nf3 Rc6 19. Kb3 Nf2 20. Rd4 N2e4 21. a3 Nd6 22. Ne5 Rb6+ 23. Ka2 Re8 24. Bb3 Kf8 25. g4 Ke7 26. g5 Nd7 27. Ba4 Nxe5 28. fxe5 Nb5 29. Rf4 Rf8 30. Bb3 a6 31. Ref1 f6 32. a4 Na7 33. exf6+ gxf6 34. Re4+ Kd7 35. Rd1+ Rd6 36. Rxd6+ cxd6 37. Be6+ Kc7 38. Rf4 Nc6 39. gxf6 Nd8 40. Bd5 Kd7 41. b4 Ne6 42. Rf2 b6 43. a5 b5 44. Kb2 Nc7 45. e4 Nxd5 46. exd5 Rc8 47. Rf4 Rf8 48. Kc3 Ke8 49. Kd3 Kf7 50. Re4 Re8 51. Rxe8 Kxe8 52. Ke4 Kf7 53. Kf5 h6 54. h4 1-0